| 000 | 01000nam a2200289 a 4500 | ||
|---|---|---|---|
| 001 | 000047478 | ||
| 003 | DO-SdBNP | ||
| 005 | 20250115124320.0 | ||
| 008 | 180606s2017 dr 000 f spa d | ||
| 020 | _a9789945503104 | ||
| 040 |
_aDO-SdBNP _bspa _cBNPHU |
||
| 082 |
_aRD863.5 _bM637s |
||
| 100 | 1 |
_aMilanese, Otto Oscar _d1959- _929439 |
|
| 245 | 1 | 0 |
_aSeñora tras la lluvia y otros cuentos / _cOtto Oscar Milanese. |
| 260 |
_aSanto Domingo : _bMinisterio de Cultura ; _bNacional , _c2017. |
||
| 300 |
_a175 p. ; _c20 cm. |
||
| 490 | 1 | _aNarrativa | |
| 500 | _aIncluye datos biográficos del autor en al solapa de la cubierta | ||
| 500 | _aParticipación en la 13a. Regional del Libro Azua, 2017 | ||
| 590 | _aInventariado, 2018/VM | ||
| 650 | 4 |
_aCuentos dominicanas _975100 |
|
| 650 | 4 |
_aLiteratura ddominicana _974639 |
|
| 710 | 1 |
_aRepública Dominicana. _bMinisterio de Cultura _971794 |
|
| 830 | 0 |
_aNarrativa _911366 |
|
| 910 | _aValidado. Control de calidad MFF | ||
| 942 |
_2ddc _cLBS1 |
||
| 999 |
_c46966 _d46966 |
||